| 000 | 00520nam a2200169 a 4500 | ||
|---|---|---|---|
| 001 | 000023685 | ||
| 005 | 20200930022406.0 | ||
| 008 | 101218nuuuuuuuufr a r 000 0 spa d | ||
| 040 |
_aDO-SdBNP _bspa _cBNPHU |
||
| 082 |
_axxxxx _bJ661h |
||
| 100 | 1 |
_aJohnson, Charles _948793 |
|
| 245 | 1 | 0 |
_aHistoire des pirates anglais / _cCharles Johnson ; prefacio Pierre Mac Orlan. |
| 260 |
_aParĂs : _bClub du Meilleur Livre, _c[s. f.]. |
||
| 300 |
_a242 p. : _bil. ; _c20 cm. |
||
| 700 | 1 |
_aMac Orlan, Pierre _948794 |
|
| 049 | _aBNGR | ||
| 999 |
_c23181 _d23181 |
||